Topological stability of smooth mappings

Gardado en:
Detalles Bibliográficos
Main Authors: Gibson, C. G (Author), Wirthmüller, K (Author), Plessis, A. A. du (Author), Looijenga, E. J. N (Author)
Formato: Libro
Idioma:inglés
Publicado: Berlín Springer-Verlag 1976
Series:Lecture Notes in Mathematics, 552
Subjects:
Tags: Engadir etiqueta
Sen Etiquetas, Sexa o primeiro en etiquetar este rexistro!

MARC

LEADER 00000nam a2200000 a 4500
001 UCP2689
003 CL-VaPUC
008 990520e19760000GW |||||||||||||||||eng|d
082 0 4 |a 514.72  |b GIB  |2 21 
100 0 |a Gibson, C. G  |e author  |9 429629 
700 0 |a Wirthmüller, K  |e author  |9 429630 
700 0 |a Plessis, A. A. du  |e author  |9 429631 
700 0 |a Looijenga, E. J. N  |e author  |9 429632 
245 1 0 |a Topological stability of smooth mappings 
300 |a 154 p 
942 |c BK 
945 |d 19990520 00:00:00  |a crobeson 
260 |a Berlín  |b Springer-Verlag  |c 1976 
650 0 |a Topología diferencial  |9 423983 
650 0 |a Topología analítica  |9 423987 
583 |a last modification  |c 19990520 00:00:00  |k Rodrigo Vera 
490 0 |a Lecture Notes in Mathematics, 552 
999 |c 281191  |d 281189 
952 |0 0  |1 0  |4 0  |6 514_720000000000000_GIB_1976  |7 0  |8 A  |9 321869  |a BIBMAT  |b BIBMAT  |d 2019-11-20  |i 1346032  |o 514.72 GIB 1976  |p 1346032  |r 2025-01-07  |w 2019-11-20  |y BK  |k MAT